Đang tải...
Seaptical Essays /
| Tác giả chính: | |
|---|---|
| Định dạng: | Printed Book |
| Ngôn ngữ: | English |
| Được phát hành: |
London :
George Allen,
1935.
|
| LEADER | 00429nam a2200121Ia 4500 | ||
|---|---|---|---|
| 008 | 160114b xxu||||| |||| 00| 0 eng d | ||
| 082 | |a 001. | ||
| 100 | |a Bertrand Russels | ||
| 245 | |a Seaptical Essays / |c by Bertrand Russels | ||
| 260 | |a London : |b George Allen, |c 1935. | ||
| 942 | |c BK | ||
| 999 | |c 293978 |d 293978 | ||
| 952 | |0 0 |1 0 |4 0 |6 001_000000000000000_BRUS |7 0 |9 334422 |a HIS |b HIS |c ST1 |d 2016-02-02 |i 636 |l 0 |o 001.BRUS |p HIS636 |r 2016-02-02 |w 2016-02-02 |y BK | ||